000 00755nam a2200205 a 4500
001 000025547
005 20200930023852.0
008 110217s1967 sp ac r 000 0 spa d
040 _aDO-SdBNP
_bspa
_cBNPHU
082 _aNNN
_bJ86e
100 1 _aJovellanos, Gaspar de,
_d1744-1811.
_921290
245 1 0 _aEspectáculos y diversiones públicas en España /
_cGaspar Melchor de Jovellanos ; edición de Camilo G. Suárez-Llanos.
260 _aSalamanca :
_bAnaya,
_c1967.
300 _a129 p., [2] p. :
_bil. rtres. ;
_c17 cm.
490 1 _aBiblioteca anaya
_v77
500 _aIncluye referencias bibliográficas y notas al pie de las páginas
700 1 _aSuárez-Llanos, Camilo G.
_eed.
_952214
830 0 _aBiblioteca anaya ;
_v77
_98674
049 _aBNGR
999 _c25039
_d25039